[Event "EYb18, Budva YUG"]
[Site "?"]
[Date "2003.??.??"]
[Round "3"]
[White "Esen, B."]
[Black "Pakleza, Z."]
[Result "1/2-1/2"]
[WhiteElo "2215"]
[BlackElo "2340"]
[PlyCount "74"]
[EventDate "2003.??.??"]

1. d4 d6 2. Nf3 Bg4 3. e4 Nf6 4. Nc3 e6 5. h3 Bh5 6. Be2 Be7 7. Be3 O-O 8. O-O
c6 9. e5 Nd5 10. Bd2 Nxc3 11. Bxc3 d5 12. Ne1 Bxe2 13. Qxe2 c5 14. dxc5 Bxc5
15. Nd3 Bb6 16. Kh2 Nc6 17. f4 Qd7 18. Rf3 d4 19. Bd2 Rfe8 20. a4 a6 21. Qe4
Rac8 22. Ra3 Ne7 23. Rb3 Qd5 24. Nf2 Rc6 25. a5 Bc7 26. Rxb7 Rxc2 27. Qxc2 Qxb7
28. Ne4 Qb8 29. b4 Nd5 30. Ng5 g6 31. Rd3 Rc8 32. Qa4 Bd8 33. Nf3 Be7 34. Rxd4
Rd8 35. Qd1 Qb5 36. h4 h5 37. f5 exf5 1/2-1/2

[Event "EYb18, Budva YUG"]
[Site "?"]
[Date "2003.??.??"]
[Round "3"]
[White "Suaibi, D."]
[Black "Tallaksen, G."]
[Result "0-1"]
[WhiteElo "2160"]
[BlackElo "2285"]
[PlyCount "84"]
[EventDate "2003.??.??"]

1. Nf3 Nf6 2. g3 d5 3. c4 e6 4. b3 Be7 5. Bb2 O-O 6. Bg2 c5 7. e3 Nc6 8. O-O d4
9. exd4 cxd4 10. Re1 Ne8 11. a3 a5 12. d3 f6 13. Nbd2 e5 14. Qc2 Nc7 15. c5 Be6
16. Nc4 Na6 17. Nb6 Rb8 18. Na4 Bd5 19. Rab1 Rf7 20. Bc1 Bf8 21. Bd2 b5 22. Nb6
Bxf3 23. Bxf3 Bxc5 24. Na4 bxa4 25. Bxc6 Qd6 26. Bxa4 Bxa3 27. b4 Bxb4 28. Bb3
Kf8 29. Bxf7 Kxf7 30. Ra1 Rb6 31. Rec1 h6 32. Qd1 Rc6 33. Bxb4 axb4 34. Qa4 Rc7
35. h4 h5 36. Kh2 Rc3 37. Qd1 Kg6 38. Qf3 Nc5 39. Qa8 Qe6 40. Rxc3 dxc3 41. Qa5
Nb3 42. Qxb4 Nxa1 0-1

[Event "EYb18, Budva YUG"]
[Site "?"]
[Date "2003.??.??"]
[Round "3"]
[White "Tronenkovs, V."]
[Black "Karakehajov, K."]
[Result "1/2-1/2"]
[WhiteElo "2215"]
[BlackElo "2330"]
[PlyCount "88"]
[EventDate "2003.??.??"]

1. e4 e5 2. Nf3 Nc6 3. Nc3 Nf6 4. d4 exd4 5. Nd5 Nb4 6. Bc4 Nbxd5 7. exd5 Bb4+
8. Kf1 d6 9. Qxd4 Bc5 10. Qh4 Bf5 11. b4 Bb6 12. Bb5+ Kf8 13. Bg5 h6 14. Re1
Bh7 15. Bxf6 Qxf6 16. Qxf6 gxf6 17. Bd3 Bxd3+ 18. cxd3 Rg8 19. h3 f5 20. g3 Kg7
21. Kg2 a5 22. b5 a4 23. Nh4 Kf6 24. Kf3 Ra5 25. Rb1 Re8 26. Ng2 a3 27. Nf4 Re5
28. Rb3 Ra4 29. Rc1 Bc5 30. Rc2 Re1 31. Re2 Ra1 32. Nh5+ Kg5 33. Nf4 Bd4 34.
h4+ Kf6 35. Nh5+ Kg6 36. Nf4+ Kh7 37. Rc2 b6 38. Ne2 Bb2 39. Nc3 Rd4 40. Ke3
Bxc3 41. Rbxc3 Rxd5 42. Rxa3 Rxb5 43. Rac3 Re5+ 44. Kf3 Kg6 1/2-1/2

[Event "EYb18, Budva YUG"]
[Site "?"]
[Date "2003.??.??"]
[Round "3"]
[White "Ristic, Neb2"]
[Black "Meszaros, T."]
[Result "0-1"]
[WhiteElo "2170"]
[BlackElo "2305"]
[PlyCount "88"]
[EventDate "2003.??.??"]

1. d4 Nf6 2. c4 e6 3. Nc3 Bb4 4. Qc2 c5 5. dxc5 Bxc5 6. Nf3 Qb6 7. e3 Qc7 8.
Bd3 b6 9. a3 a6 10. b4 Be7 11. Bb2 d6 12. O-O Bb7 13. e4 Nbd7 14. h3 Rc8 15.
Qe2 O-O 16. Rfe1 Rfe8 17. Qe3 Qb8 18. Ne2 Bd8 19. Ned4 Bc7 20. Qd2 Qa8 21. Qe2
d5 22. e5 dxc4 23. Bb1 c3 24. Bc1 Nxe5 25. Nxe5 Bxg2 26. Ng4 Nd5 27. Be4 Bxe4
28. Qxe4 f5 29. Qg2 fxg4 30. Qxg4 Nf6 31. Qh4 e5 32. Nf5 Qf3 33. Qg5 g6 34. Nh4
Qxh3 35. Qxf6 Bd8 36. Qf3 Qxh4 37. Qd5+ Kf8 38. Re4 Qf6 39. f4 b5 40. fxe5 Bb6+
41. Kh1 Qf1+ 42. Kh2 Bg1+ 43. Kg3 Qf2+ 44. Kh3 Qf3+ 0-1

[Event "EYb18, Budva YUG"]
[Site "?"]
[Date "2003.??.??"]
[Round "3"]
[White "Nemeth, Mi"]
[Black "Aksentijevic, M."]
[Result "1-0"]
[WhiteElo "2285"]
[BlackElo "2175"]
[PlyCount "37"]
[EventDate "2003.??.??"]

1. e4 c5 2. Nf3 d6 3. d4 cxd4 4. Nxd4 Nf6 5. Nc3 a6 6. Bg5 e6 7. Qd3 h6 8. Bh4
Nbd7 9. f4 Qc7 10. O-O-O Be7 11. Be2 b5 12. Bxf6 Bxf6 13. Ndxb5 axb5 14. Nxb5
Qb6 15. Nxd6+ Kf8 16. e5 Nxe5 17. fxe5 Bxe5 18. Nc4 Bf4+ 19. Kb1 1-0

[Event "EYb18, Budva YUG"]
[Site "?"]
[Date "2003.??.??"]
[Round "3"]
[White "Lain, L."]
[Black "Niemi, K."]
[Result "1-0"]
[WhiteElo "2260"]
[BlackElo "2105"]
[PlyCount "93"]
[EventDate "2003.??.??"]

1. d4 d5 2. c4 c6 3. Nc3 Nf6 4. Bf4 dxc4 5. a4 Nd5 6. Bg3 b5 7. e3 e6 8. axb5
Nxc3 9. bxc3 cxb5 10. Qf3 Qd5 11. Bxb8 Rxb8 12. Rxa7 Bb7 13. Be2 Bd6 14. Qxd5
Bxd5 15. Bf3 b4 16. cxb4 Rxb4 17. Bxd5 exd5 18. Ra8+ Bb8 19. Ne2 Kd7 20. Ra1
Rc8 21. Nc3 Ke6 22. Ke2 Rb3 23. Ra6+ Bd6 24. Rc1 f5 25. Ra5 Bb4 26. Ra6+ Bd6
27. Na4 Rb4 28. Ra1 Rc7 29. Kd2 Kd7 30. Nb6+ Rxb6 31. Rxb6 Ke6 32. Kc3 Rf7 33.
Raa6 Rd7 34. f3 Ke7 35. h3 Bg3 36. Re6+ Kf7 37. e4 Be1+ 38. Kc2 dxe4 39. fxe4
Rxd4 40. exf5 Bh4 41. Ra7+ Kf8 42. Rc6 Bf6 43. Rc8+ Bd8 44. Kc3 Rd1 45. g4 h6
46. Rb8 Rc1+ 47. Kd2 1-0

[Event "EYb18, Budva YUG"]
[Site "?"]
[Date "2003.??.??"]
[Round "4"]
[White "Bratovic, B."]
[Black "Semcesen, D."]
[Result "1-0"]
[WhiteElo "2320"]
[BlackElo "2230"]
[PlyCount "77"]
[EventDate "2003.??.??"]

1. e4 c5 2. Nf3 Nc6 3. d4 cxd4 4. Nxd4 Nf6 5. Nc3 e5 6. Ndb5 d6 7. Bg5 a6 8.
Na3 b5 9. Bxf6 gxf6 10. Nd5 f5 11. Bd3 Be6 12. O-O Bxd5 13. exd5 Ne7 14. c4 Bg7
15. Rb1 O-O 16. cxb5 Nxd5 17. Bxf5 Nf4 18. g3 Ne6 19. Be4 Ra7 20. Qh5 h6 21.
Qf5 Re8 22. Qh7+ Kf8 23. Bc6 Ree7 24. Bd5 Ng5 25. Qf5 e4 26. Rfc1 Re8 27. b6
Qxb6 28. Nc4 Qd8 29. b4 Nf3+ 30. Kg2 Nd4 31. Qg4 Qf6 32. a4 Rc7 33. b5 axb5 34.
axb5 Rc5 35. Nb6 Qf3+ 36. Qxf3 exf3+ 37. Bxf3 Rf5 38. Nd7+ Kg8 39. b6 1-0

[Event "EYb18, Budva YUG"]
[Site "?"]
[Date "2003.??.??"]
[Round "4"]
[White "Grachev, B."]
[Black "Bartel, Mat"]
[Result "0-1"]
[WhiteElo "2500"]
[BlackElo "2450"]
[PlyCount "160"]
[EventDate "2003.??.??"]

1. d4 f5 2. Nf3 Nf6 3. g3 g6 4. Bg2 Bg7 5. O-O O-O 6. b4 Ne4 7. Bb2 d5 8. Nbd2
c6 9. c4 Be6 10. cxd5 Bxd5 11. Nxe4 Bxe4 12. Ne1 Bxg2 13. Nxg2 Qd5 14. Nf4 Qf7
15. a4 Nd7 16. Qc2 Nb6 17. Rfc1 Bh6 18. e3 Bxf4 19. gxf4 Nd5 20. b5 Rfc8 21.
Qb3 Qe6 22. bxc6 bxc6 23. Ba3 Kf7 24. Qc2 Rc7 25. Kh1 Rg8 26. Rg1 Nf6 27. Qa2
Qd5+ 28. Qxd5+ cxd5 29. Rgb1 Rgc8 30. Kg1 Ne4 31. Rb5 Rc2 32. Rb7 R8c7 33. Rxc7
Rxc7 34. Bb4 Rb7 35. Be1 Nd6 36. Kf1 Rb2 37. Bc3 Rb3 38. Be1 Nc4 39. Ke2 h6 40.
h4 Kf6 41. Kf3 Ke6 42. Ke2 Kf6 43. Kf3 a6 44. Ke2 Rb2+ 45. Kf3 Ke6 46. Bc3 Rc2
47. Bb4 Rb2 48. Bc3 Rb3 49. Be1 Kd7 50. Ke2 Kc6 51. Kf3 e6 52. h5 gxh5 53. Kg3
Ra3 54. Rb1 Rxa4 55. Kh4 Ra2 56. Kxh5 Rb2 57. Ra1 Kb5 58. Kxh6 a5 59. Bxa5 Nxa5
60. Kg6 Nb3 61. Ra3 Kc4 62. Kf6 Kd3 63. Ke5 Rb1 64. Ra4 Nd2 65. Ra3+ Rb3 66.
Ra6 Nc4+ 67. Kxe6 Ke4 68. f3+ Kxf3 69. Kxf5 Kxe3 70. Ke6 Kxd4 71. f5 Re3+ 72.
Kd7 Kc3 73. f6 d4 74. Re6 Rf3 75. Ke7 d3 76. Re1 d2 77. Rd1 Ne5 78. Ke6 Nc6 79.
Ra1 Kb2 80. Rh1 Kc2 0-1

[Event "EYb18, Budva YUG"]
[Site "?"]
[Date "2003.??.??"]
[Round "4"]
[White "Zhigalko, A."]
[Black "Kharitonov, Alexa"]
[Result "1-0"]
[WhiteElo "2465"]
[BlackElo "2435"]
[PlyCount "83"]
[EventDate "2003.??.??"]

1. e4 c6 2. d4 d5 3. Nd2 dxe4 4. Nxe4 Bf5 5. Ng3 Bg6 6. h4 h6 7. Nf3 Nd7 8. h5
Bh7 9. Bd3 Bxd3 10. Qxd3 Ngf6 11. Bf4 Qa5+ 12. Bd2 Qc7 13. O-O-O e6 14. Ne4
O-O-O 15. g3 Nc5 16. Nxc5 Bxc5 17. c4 Ng4 18. Qe2 Be7 19. Kb1 c5 20. Bc3 Rhe8
21. Rd2 a6 22. Rhd1 Bf8 23. a3 cxd4 24. Nxd4 Nf6 25. g4 Rd7 26. Nb3 Rxd2 27.
Rxd2 Rd8 28. f3 Rxd2 29. Nxd2 Be7 30. Qe3 Ne8 31. Be5 Bd6 32. Bxd6 Qxd6 33. Ne4
Qe5 34. Qb6 Qf4 35. Qc5+ Kd7 36. Qb4 Qc7 37. g5 hxg5 38. Nxg5 f6 39. Ne4 a5 40.
Qf8 Qxc4 41. Qxe8+ Kxe8 42. Nd6+ 1-0

[Event "EYb18, Budva YUG"]
[Site "?"]
[Date "2003.??.??"]
[Round "4"]
[White "Laznicka, V."]
[Black "Cornette, M."]
[Result "1-0"]
[WhiteElo "2445"]
[BlackElo "2365"]
[PlyCount "53"]
[EventDate "2003.??.??"]

1. e4 c5 2. Nf3 d6 3. d4 cxd4 4. Nxd4 Nf6 5. Nc3 g6 6. Be3 Bg7 7. f3 O-O 8. Qd2
Nc6 9. O-O-O Nxd4 10. Bxd4 Be6 11. Nd5 Bxd5 12. exd5 Qd7 13. g4 Rfc8 14. Kb1
Qc7 15. Rc1 Nd7 16. Bxg7 Kxg7 17. h4 f6 18. g5 Ne5 19. f4 Nc4 20. Bxc4 Qxc4 21.
h5 Rf8 22. b3 Qc8 23. Rce1 Qd7 24. Qd4 b6 25. h6+ Kf7 26. Re6 Qd8 27. Rhe1 1-0

[Event "EYb18, Budva YUG"]
[Site "?"]
[Date "2003.??.??"]
[Round "4"]
[White "Krivokapic, M."]
[Black "Smeets, J."]
[Result "0-1"]
[WhiteElo "2310"]
[BlackElo "2475"]
[PlyCount "106"]
[EventDate "2003.??.??"]

1. e4 c6 2. d4 d5 3. Nc3 dxe4 4. Nxe4 Bf5 5. Ng3 Bg6 6. Nf3 Nd7 7. h4 h6 8. h5
Bh7 9. Bd3 Bxd3 10. Qxd3 e6 11. Bd2 Ngf6 12. O-O-O Be7 13. Kb1 c5 14. d5 Nxd5
15. Nf5 O-O 16. Nxh6+ gxh6 17. Bxh6 Bf6 18. Bxf8 Qb6 19. Qb3 Rxf8 20. Nd2 Qxb3
21. axb3 Be7 22. g3 Kg7 23. Ne4 N7f6 24. Rh4 Rh8 25. Rdh1 Nxe4 26. Rxe4 Kf6 27.
Kc1 Kg5 28. f3 Bd6 29. Rhh4 Nf6 30. f4+ Kf5 31. Ra4 a6 32. Kd1 e5 33. fxe5 Bxe5
34. Ra5 Ne4 35. Ra4 Nxg3 36. h6 Ke6 37. h7 Nf5 38. Rh5 Bxb2 39. Rf4 Ne3+ 40.
Kd2 Nd5 41. Rh6+ Bf6 42. Rg4 Ne7 43. c3 Ng6 44. Rh2 Be5 45. Rh5 Nf8 46. Rh6+
Kf5 47. Rgh4 Bf4+ 48. Rxf4+ Kxf4 49. Rf6+ Ke5 50. Rxf7 b5 51. Ra7 Rxh7 52. Rxa6
Rb7 53. Ra5 Ne6 0-1

[Event "EYb18, Budva YUG"]
[Site "?"]
[Date "2003.??.??"]
[Round "4"]
[White "Borisek, J."]
[Black "Nemeth, Mi"]
[Result "0-1"]
[WhiteElo "2440"]
[BlackElo "2285"]
[PlyCount "126"]
[EventDate "2003.??.??"]

1. e4 c6 2. d4 d5 3. exd5 cxd5 4. c4 Nf6 5. Nc3 e6 6. Nf3 Bb4 7. Bd3 O-O 8. O-O
dxc4 9. Bxc4 b6 10. Ne5 Bb7 11. Bg5 Bxc3 12. bxc3 Qc7 13. Rc1 Ne4 14. Bf4 Nd7
15. Qe2 Nxe5 16. Bxe5 Qc6 17. f3 Nd6 18. Bd3 Rac8 19. Qf2 f6 20. Bf4 Nc4 21.
Rfe1 Qd7 22. h4 Bd5 23. h5 Qf7 24. h6 g6 25. Re2 Rfe8 26. Qe1 Re7 27. Bc2 a6
28. Bd3 Rce8 29. Qf1 b5 30. Rce1 Rd7 31. a4 bxa4 32. Rb1 Rb7 33. Ree1 Rc8 34.
Rec1 a5 35. Qe2 a3 36. Rxb7 Qxb7 37. Qc2 g5 38. Bg3 Nb2 39. Bf1 a2 40. Qd2 a4
41. Bd6 Qb3 42. Bb4 a3 43. Qe1 Kf7 44. f4 Rg8 45. f5 exf5 46. Qe7+ Kg6 47. Bb5
Bf7 48. Bd7 Qd5 49. Rf1 f4 50. g4 fxg3 51. Qxf6+ Kh5 52. Bc6 Qe6 53. Qf3+ Kxh6
54. Kg2 Nc4 55. Be4 Kg7 56. d5 Qxe4 57. Qxe4 Bxd5 58. Rf7+ Bxf7 59. Qe1 Re8 60.
Qc1 h6 61. Bc5 Ne3+ 62. Kxg3 Nc2 63. Bd4+ Kg8 0-1

[Event "EYb18, Budva YUG"]
[Site "?"]
[Date "2003.??.??"]
[Round "4"]
[White "Pakleza, Z."]
[Black "Agaragimov, D."]
[Result "1-0"]
[WhiteElo "2340"]
[BlackElo "2245"]
[PlyCount "55"]
[EventDate "2003.??.??"]

1. d4 Nf6 2. c4 g6 3. Nc3 Bg7 4. Bg5 O-O 5. e3 d6 6. Be2 h6 7. Bh4 Nbd7 8. Nf3
c6 9. O-O Qc7 10. h3 Re8 11. Qc2 e5 12. Bg3 Qd8 13. b4 Qe7 14. Rac1 Nh7 15.
dxe5 dxe5 16. c5 Nhf6 17. Rfd1 a5 18. a3 axb4 19. axb4 b6 20. cxb6 e4 21. Nd4
Bb7 22. b5 cxb5 23. Ndxb5 Nxb6 24. Nc7 Rac8 25. Nxe8 Rxe8 26. Qb3 Qe6 27. Rb1
Qxb3 28. Rxb3 1-0

[Event "EYb18, Budva YUG"]
[Site "?"]
[Date "2003.??.??"]
[Round "4"]
[White "Barnaure, V."]
[Black "Zovko, Mark"]
[Result "1-0"]
[WhiteElo "2315"]
[BlackElo "2115"]
[PlyCount "97"]
[EventDate "2003.??.??"]

1. d4 Nf6 2. Nf3 g6 3. g3 Bg7 4. Bg2 O-O 5. O-O d6 6. c4 Nbd7 7. Nc3 e5 8. e4
Re8 9. h3 c6 10. b3 exd4 11. Nxd4 Nc5 12. Re1 a5 13. Bf4 Nh5 14. Be3 Qc7 15.
Qc2 Bd7 16. Rad1 Rad8 17. Rd2 Bc8 18. Red1 Ne6 19. Nde2 Nc5 20. g4 Nf6 21. Ng3
h5 22. Bf4 Bf8 23. gxh5 Nxh5 24. Nxh5 gxh5 25. Ne2 Ne6 26. Be3 h4 27. Nf4 Be7
28. Qc3 d5 29. Nh5 d4 30. Bxd4 Rxd4 31. Rxd4 Qe5 32. Rd8 Qxc3 33. Rxe8+ Kh7 34.
Rxe7 Kg6 35. Re8 Kxh5 36. Rxc8 Nf4 37. Rg8 Nxh3+ 38. Bxh3 Qxh3 39. Rd6 Qc3 40.
Rd7 Qe1+ 41. Kg2 Qxe4+ 42. Kf1 b5 43. cxb5 cxb5 44. Rxf7 Qd3+ 45. Kg1 h3 46.
Rfg7 Kh6 47. Rg3 Qd1+ 48. Kh2 Kh7 49. R8g4 1-0

[Event "EYb18, Budva YUG"]
[Site "?"]
[Date "2003.??.??"]
[Round "4"]
[White "Karakehajov, K."]
[Black "Suaibi, D."]
[Result "1-0"]
[WhiteElo "2330"]
[BlackElo "2160"]
[PlyCount "41"]
[EventDate "2003.??.??"]

1. e4 e5 2. Bc4 Nf6 3. Nc3 Nc6 4. d3 Be7 5. f4 d6 6. Nf3 Bg4 7. O-O Na5 8. fxe5
Bxf3 9. Qxf3 dxe5 10. Bb3 Nxb3 11. axb3 O-O 12. Qg3 Qd6 13. Rf5 g6 14. Bh6 Rfe8
15. Raf1 Kh8 16. Kh1 Ng8 17. Bg7+ Kxg7 18. Rxf7+ Kh8 19. Rxh7+ Kxh7 20. Rf7+
Kh6 21. Qh3+ 1-0

[Event "EYb18, Budva YUG"]
[Site "?"]
[Date "2003.??.??"]
[Round "4"]
[White "Gogin, R."]
[Black "Woodward, T."]
[Result "1/2-1/2"]
[WhiteElo "2100"]
[BlackElo "2285"]
[PlyCount "64"]
[EventDate "2003.??.??"]

1. d4 Nf6 2. c4 e6 3. a3 c5 4. dxc5 Bxc5 5. b4 Be7 6. Bb2 b6 7. Nf3 Bb7 8. e3
O-O 9. Bd3 d5 10. Nbd2 Nbd7 11. Rc1 Rc8 12. O-O Rc7 13. Qe2 Qa8 14. cxd5 Rxc1
15. Rxc1 Nxd5 16. Ba6 Rc8 17. Rxc8+ Qxc8 18. Bxb7 Qxb7 19. Qc4 Bf6 20. Bxf6
N7xf6 21. Ne5 Qc7 22. Qxc7 Nxc7 23. Ndc4 Nfd5 24. Nd6 f6 25. Nc6 a6 26. a4 a5
27. bxa5 bxa5 28. Nb7 Na6 29. e4 Nc3 30. e5 Nxa4 31. Nbxa5 N4c5 32. Nc4 Nc7
1/2-1/2

[Event "EYb18, Budva YUG"]
[Site "?"]
[Date "2003.??.??"]
[Round "5"]
[White "Murariu, A."]
[Black "Pedersen, C."]
[Result "1/2-1/2"]
[WhiteElo "2385"]
[BlackElo "2270"]
[PlyCount "80"]
[EventDate "2003.??.??"]

1. e4 c5 2. Nf3 e6 3. c3 Nf6 4. e5 Nd5 5. d4 cxd4 6. cxd4 d6 7. Bc4 Nc6 8. O-O
Be7 9. exd6 Qxd6 10. Nc3 O-O 11. Re1 Rd8 12. Bb3 a6 13. a3 b5 14. Qd3 Nf6 15.
Be3 Bb7 16. Bc2 Rac8 17. b4 Nb8 18. Ne5 Nbd7 19. Bf4 Qb6 20. Rac1 g6 21. Bb3
Nxe5 22. Bxe5 Ng4 23. Qg3 Nxe5 24. dxe5 Qd4 25. Red1 Qh4 26. Rxd8+ Bxd8 27.
Qxh4 Bxh4 28. g3 Bd8 29. Rc2 Bb6 30. Ne4 Rxc2 31. Bxc2 Bd4 32. Nc5 Bc8 33. Nd3
Kf8 34. Bd1 Bb7 35. Nc5 Bc8 36. Nd3 Bb7 37. Nc5 Bxc5 38. bxc5 Bd5 39. Kf1 Ke7
40. Ke2 Kd7 1/2-1/2

[Event "EYb18, Budva YUG"]
[Site "?"]
[Date "2003.??.??"]
[Round "5"]
[White "Zovko, Mark"]
[Black "Esen, B."]
[Result "0-1"]
[WhiteElo "2115"]
[BlackElo "2215"]
[PlyCount "88"]
[EventDate "2003.??.??"]

1. e4 c5 2. Nf3 e6 3. Nc3 Nc6 4. Bb5 Nge7 5. O-O a6 6. Bxc6 Nxc6 7. Re1 d6 8.
d4 cxd4 9. Nxd4 Be7 10. Be3 O-O 11. a4 Bd7 12. Qe2 Qc7 13. Rad1 Rab8 14. f4
Rfe8 15. Qf2 Bf8 16. Nxc6 bxc6 17. b3 c5 18. Nb1 Bc6 19. Nd2 Ba8 20. f5 exf5
21. exf5 Qc6 22. Nf3 Re4 23. Bd2 Rbe8 24. Rxe4 Rxe4 25. Re1 Qe8 26. f6 gxf6 27.
Rxe4 Qxe4 28. Bc3 Qf5 29. Ne1 Qxf2+ 30. Kxf2 f5 31. Ke3 Bh6+ 32. Ke2 Kf8 33. b4
Ke7 34. g3 Ke6 35. Nd3 Kd5 36. bxc5 dxc5 37. Ba5 Bf8 38. Nf4+ Kc4 39. Kd2 Bg7
40. Ne2 Bc6 41. Nc3 Be5 42. Nd1 f4 43. gxf4 Bxf4+ 44. Ke2 Bxa4 0-1

[Event "EYb18, Budva YUG"]
[Site "?"]
[Date "2003.??.??"]
[Round "5"]
[White "Aksentijevic, M."]
[Black "Borisek, J."]
[Result "0-1"]
[WhiteElo "2175"]
[BlackElo "2440"]
[PlyCount "120"]
[EventDate "2003.??.??"]

1. e4 e5 2. Nf3 Nc6 3. d4 exd4 4. Nxd4 Bc5 5. Nxc6 Qf6 6. Qd2 dxc6 7. Nc3 Bd4
8. Bd3 Ne7 9. O-O Ng6 10. Kh1 O-O 11. f4 Re8 12. Qe1 Qe7 13. Be3 c5 14. Bxd4
cxd4 15. Nd5 Qd6 16. f5 Ne5 17. Qg3 f6 18. Nf4 c5 19. b3 b6 20. Nh5 Qe7 21. Rf4
Bd7 22. Bc4+ Kh8 23. Rh4 g5 24. fxg6 Nxg6 25. Qxg6 hxg6 26. Nxf6+ Kg7 27. Rh7+
Kxf6 28. Rf1+ Bf5 29. Rxe7 Kxe7 30. exf5 gxf5 31. Rxf5 Rf8 32. Re5+ Kf6 33.
Re6+ Kg5 34. h3 Rae8 35. Rd6 Re7 36. Kh2 Rf2 37. Bd3 Rg7 38. Kg3 Rf6 39. Rd5+
Kh6+ 40. Kh2 Rf2 41. Rd6+ Kh5 42. Be4 Kh4 43. Rd8 Re2 44. Rh8+ Kg5 45. Bd3 Rf2
46. Kg3 Rd2 47. Kh2 Kf4 48. Rh4+ Ke5 49. Rh5+ Kf6 50. Rh6+ Kf7 51. Be4 Re2 52.
Rh4 Kf6 53. b4 Ke5 54. Bf3 Rxc2 55. bxc5 bxc5 56. Rh5+ Kf4 57. Rh4+ Ke3 58.
Re4+ Kd2 59. Re2+ Kc3 60. Rxc2+ Kxc2 0-1

[Event "EYb18, Budva YUG"]
[Site "?"]
[Date "2003.??.??"]
[Round "5"]
[White "Semcesen, D."]
[Black "Meszaros, T."]
[Result "0-1"]
[WhiteElo "2230"]
[BlackElo "2305"]
[PlyCount "94"]
[EventDate "2003.??.??"]

1. e4 e5 2. Bc4 Nc6 3. d3 Nf6 4. Nc3 Na5 5. Nf3 Nxc4 6. dxc4 Bb4 7. Qd3 d6 8.
Bd2 Bxc3 9. Bxc3 b6 10. O-O-O Bg4 11. h3 Bxf3 12. Qxf3 Qe7 13. Bd2 Nd7 14. Be3
O-O 15. Qe2 a6 16. a3 Rfb8 17. Qd3 Nf8 18. Rhe1 Ng6 19. Re2 Qd7 20. Kd2 Qa4 21.
Ke1 b5 22. cxb5 axb5 23. c3 Ne7 24. Bg5 f6 25. Bc1 Qb3 26. h4 Qe6 27. Qg3 Rf8
28. f3 f5 29. Qh3 h6 30. exf5 Nxf5 31. Be3 Ra4 32. Bf2 Qf6 33. Re4 Rxe4+ 34.
fxe4 Ne7 35. Qe3 Kh8 36. Ke2 Qe6 37. Kd2 Qa2 38. Kc1 Qf7 39. Bg3 Qg6 40. Rd2
Ng8 41. Re2 Rf1+ 42. Kd2 Nf6 43. Kd3 d5 44. h5 Qxh5 45. exd5 Qf5+ 46. Kd2 Qb1
47. Qxe5 Qd1+ 0-1

[Event "EYb18, Budva YUG"]
[Site "?"]
[Date "2003.??.??"]
[Round "5"]
[White "Kurmann, O."]
[Black "Krivokapic, M."]
[Result "0-1"]
[WhiteElo "2235"]
[BlackElo "2310"]
[PlyCount "62"]
[EventDate "2003.??.??"]

1. e4 e5 2. f4 exf4 3. Bc4 d5 4. exd5 Qh4+ 5. Kf1 Bd6 6. Nc3 Ne7 7. d4 O-O 8.
Nf3 Qh6 9. Bb3 Bg4 10. Ne4 Nf5 11. Nxd6 cxd6 12. Kf2 Nd7 13. Rf1 Rfe8 14. Kg1
Ne3 15. Bxe3 Rxe3 16. c4 Qf6 17. Rc1 Rae8 18. c5 dxc5 19. dxc5 Ne5 20. d6 Nd3
21. Rc2 Bxf3 22. gxf3 Qd4 23. Rc4 Qxb2 24. Rc2 Qd4 25. Rc4 Qe5 26. Kh1 Nxc5 27.
Rd4 b6 28. Bc4 Rd8 29. Rd5 Qf6 30. Rg1 g6 31. Rd4 Rxf3 0-1

[Event "EYb18, Budva YUG"]
[Site "?"]
[Date "2003.??.??"]
[Round "5"]
[White "Lain, L."]
[Black "Karakehajov, K."]
[Result "0-1"]
[WhiteElo "2260"]
[BlackElo "2330"]
[PlyCount "70"]
[EventDate "2003.??.??"]

1. d4 d5 2. c4 e6 3. Nc3 c6 4. Bf4 dxc4 5. a4 Nf6 6. e3 b5 7. axb5 cxb5 8. Nxb5
Bb4+ 9. Nc3 Nd5 10. Qc2 Nxf4 11. exf4 O-O 12. Nf3 Bb7 13. Be2 Nc6 14. Rd1 Qc7
15. O-O Qxf4 16. Bxc4 Rfd8 17. Qb3 Bxc3 18. Qxc3 Ne7 19. Qe3 Qf6 20. Ne5 Nf5
21. Qf4 Nh4 22. Qxf6 gxf6 23. Ng4 Bxg2 24. Rfe1 Kg7 25. Re3 h5 26. Rg3 Be4 27.
Ne3+ Ng6 28. Kf1 Rac8 29. b3 f5 30. Rg1 Kf6 31. Ke2 Nf4+ 32. Ke1 Rc7 33. d5
exd5 34. Be2 Rb8 35. Rg3 h4 0-1

[Event "EYb18, Budva YUG"]
[Site "?"]
[Date "2003.??.??"]
[Round "5"]
[White "Dimitrijevic, A."]
[Black "Rendle, T."]
[Result "1-0"]
[WhiteElo "2380"]
[BlackElo "2240"]
[PlyCount "73"]
[EventDate "2003.??.??"]

1. e4 e6 2. d4 d5 3. Nc3 Bb4 4. e5 c5 5. a3 Ba5 6. b4 cxd4 7. Nb5 Bc7 8. f4 Bd7
9. Nxc7+ Qxc7 10. Bb2 Ne7 11. Bd3 a6 12. Qe2 Ba4 13. Nf3 Nbc6 14. O-O g6 15.
Kh1 h5 16. Rac1 Nf5 17. Qf2 Bb5 18. Bxd4 h4 19. Bb6 Qd7 20. c4 Ng3+ 21. Kg1
dxc4 22. Rfd1 cxd3 23. hxg3 h3 24. gxh3 Qd5 25. Ng5 Rh5 26. h4 Kf8 27. Rc3 Kg7
28. a4 Bxa4 29. Rdxd3 Qb5 30. g4 Nxb4 31. Rd8 Rxd8 32. Bxd8 Nd5 33. Bf6+ Kh6
34. Rc8 Qb1+ 35. Kh2 Nxf6 36. exf6 Rxg5 37. Rh8# 1-0

[Event "EYb18, Budva YUG"]
[Site "?"]
[Date "2003.??.??"]
[Round "5"]
[White "Gasthofer, A."]
[Black "Pakleza, Z."]
[Result "1/2-1/2"]
[WhiteElo "2410"]
[BlackElo "2340"]
[PlyCount "66"]
[EventDate "2003.??.??"]

1. Nf3 d6 2. d4 Bg4 3. c4 Nd7 4. e3 e5 5. Be2 c6 6. Nc3 Ngf6 7. O-O Be7 8. e4
O-O 9. Be3 Re8 10. d5 Qc7 11. Rc1 a6 12. Ne1 Bxe2 13. Qxe2 Rac8 14. Nd3 Qb8 15.
a3 cxd5 16. cxd5 Bd8 17. f3 Bb6 18. Bxb6 Nxb6 19. b3 Rc7 20. Qe3 Rec8 21. Ne2
Nbd7 22. Rxc7 Rxc7 23. Rc1 Ne8 24. Kf1 Qc8 25. Rxc7 Qxc7 26. Qc1 Kf8 27. Qxc7
Nxc7 28. Nc3 Ke7 29. Ke2 g6 30. Ke3 f5 31. g3 Nf6 32. h3 h5 33. Kf2 fxe4
1/2-1/2

[Event "EYb18, Budva YUG"]
[Site "?"]
[Date "2003.??.??"]
[Round "5"]
[White "Cornette, M."]
[Black "Tallaksen, G."]
[Result "1-0"]
[WhiteElo "2365"]
[BlackElo "2285"]
[PlyCount "111"]
[EventDate "2003.??.??"]

1. d4 d5 2. c3 c6 3. Bg5 Bf5 4. Nd2 Nd7 5. e3 Qb6 6. Qc1 e5 7. b4 Bd6 8. Nb3
Ngf6 9. Nf3 Ne4 10. a3 Nxg5 11. Nxg5 Qc7 12. Be2 h6 13. Nf3 e4 14. Nfd2 Bxh2
15. c4 Bd6 16. Qc3 Be6 17. Rc1 Qd8 18. cxd5 cxd5 19. Nc5 Bxc5 20. dxc5 Qg5 21.
g3 O-O 22. Nb3 Bg4 23. Bxg4 Qxg4 24. Rd1 Qf3 25. Rh4 Qf6 26. Qxf6 Nxf6 27. Rf4
Rac8 28. Nd4 Kh7 29. Nb5 a5 30. Nd6 Rc7 31. Rxf6 gxf6 32. Rxd5 axb4 33. axb4
Re7 34. Rd4 Rd8 35. Kd2 Kg6 36. Kc3 Ra8 37. Nxe4 f5 38. Rd6+ Kg7 39. Nf6 Ra2
40. Nd5 Re4 41. f3 Re5 42. Rd7 Rf2 43. f4 Rxd5 44. Rxd5 Rf3 45. Rd7 Rxe3+ 46.
Kc4 Rxg3 47. Rxb7 h5 48. Rd7 h4 49. Rd2 h3 50. Rh2 Kf6 51. c6 Ke7 52. b5 Kd6
53. Rd2+ Kc7 54. Rd7+ Kc8 55. b6 Rg8 56. Ra7 1-0

[Event "EYb18, Budva YUG"]
[Site "?"]
[Date "2003.??.??"]
[Round "5"]
[White "Seifert, V."]
[Black "Nemeth, Mi"]
[Result "1-0"]
[WhiteElo "2370"]
[BlackElo "2285"]
[PlyCount "75"]
[EventDate "2003.??.??"]

1. d4 Nf6 2. c4 e6 3. Nc3 Bb4 4. Qc2 O-O 5. a3 Bxc3+ 6. Qxc3 b6 7. Bg5 Bb7 8.
f3 h6 9. Bh4 d5 10. e3 Nbd7 11. cxd5 exd5 12. Bd3 Re8 13. Ne2 c5 14. O-O Qe7
15. Bf2 Rac8 16. Qd2 Nb8 17. Rac1 Nc6 18. Bb5 Red8 19. Rfe1 Na5 20. Rc3 a6 21.
Bd3 c4 22. Bc2 b5 23. Ng3 b4 24. Nf5 Qf8 25. axb4 Qxb4 26. e4 Rc6 27. e5 Ne8
28. Bh4 Rd7 29. f4 Rb6 30. Qd1 Qxb2 31. Rg3 Qb4 32. Nxg7 Nxg7 33. Bf6 Kf8 34.
Bxg7+ Ke8 35. Bf6 Rc7 36. Rg8+ Kd7 37. Rd8+ Kc6 38. Ba4+ 1-0

[Event "EYb18, Budva YUG"]
[Site "?"]
[Date "2003.??.??"]
[Round "5"]
[White "Gerzhoy, L."]
[Black "Barnaure, V."]
[Result "0-1"]
[WhiteElo "2410"]
[BlackElo "2315"]
[PlyCount "83"]
[EventDate "2003.??.??"]

1. d4 g6 2. e4 Bg7 3. c4 d6 4. Nc3 e5 5. d5 Ne7 6. f3 Nd7 7. Be3 f5 8. Qd2 Nf6
9. h3 f4 10. Bf2 g5 11. O-O-O h5 12. Bd3 Ng6 13. Nge2 Kf7 14. c5 Bf8 15. b4 a5
16. a3 Bd7 17. Kb2 Be7 18. Nc1 Qf8 19. Nb3 axb4 20. axb4 Kg7 21. Nb5 Ne8 22.
Ra1 Rb8 23. cxd6 cxd6 24. Ra7 Bd8 25. Rc1 Ne7 26. Na5 Bxa5 27. Rxa5 Nc8 28. Nc7
Nxc7 29. Rxc7 Qe8 30. Qc3 Kg6 31. Ra1 Rh7 32. Rc1 g4 33. Qa3 gxh3 34. gxh3 Bxh3
35. Rg1+ Kh6 36. Rxh7+ Kxh7 37. Rh1 Qd7 38. Qa5 b6 39. Qa1 Ne7 40. Rxh3 Qxh3
41. Qa7 Re8 42. Bb5 0-1